Visualizzazione normale
Vista MARC
- Bassetti Gualtiero (et al.)
di Personal Name
Records bibliografici associati: 1
001 - CONTROL NUMBER
- control field: 58682
003 - CONTROL NUMBER IDENTIFIER
- control field:
005 - DATE AND TIME OF LATEST TRANSACTION
- control field: 20201223145009.0
008 - FIXED-LENGTH DATA ELEMENTS
- fixed length control field: 201223|| aca||aabn | a|a d
040 ## - CATALOGING SOURCE
- Original cataloging agency:
- Transcribing agency:
100 ## - HEADING--PERSONAL NAME
- Personal name: Bassetti Gualtiero (et al.)
670 ## - SOURCE DATA FOUND
- Source citation: Work cat.: (): Bassetti Gualtiero (et al.), Strade di felicità nell'alleanza uomo-donna (Amoris Laetitia 38), 2018